00936nam a2200277Ia 4500001000700000003000500007005001700012007000300029008004100032010001100073040000900084090001000093100003000103245011600133260002900249300001200278500013100290650003700421650003300458901000900491902000600500910000900506942001700515999001900532952010700551Z_3574CHAP20221018174642.0ta220113s1970 xx 000 0 eng d a166660 cCHAP aR-35 1 aBudowsky, Gerardo914077510aClassification and origin of Savannas in the light of a world vegetation classification /cpor Gerardo Budowsky aChapingo, Méx. :c1970 a9 hojas aReimpreso de: Head of the Foresty Program Inter-American Institute of Agricultural Sciences of the OAS. Turrialba, Costa Rica13aSabanasxClasificación914077613aSabanasxEcología 9101093 aR-35 aA a1970 cREIMP2local c166660d166660 00102local4051708RaZbZd2005-11-09l0oR-35pz_A0763r2022-01-18 00:00:00t1w2022-01-18yREIMP